banner-ar

الخرائط الجيولوجية / (Record no. 37755)

MARC details
000 -الفاتح
حقل البيانات ثابتة الطول 00567nam a2200193Ia 4500
008 - عناصر البيانات ثابتة الطول - معلومات عامة
حقل البيانات ثابتة الطول 140319s9999 xx 000 0 ara d
040 ## - مصدر الفهرسة
وكالة الفهرسة الأصلية GCL /
وكالة النسخ GCL
082 04 - رقم تصنيف ديوى العشرى
رقم التصنيف 550
رقم المادة م خ
100 1# - المدخل الرئيسى - إسم شخصى
الإسم الشخصى مراد ابراهيم يوسف
245 10 - بيان العنوان
العنوان الخرائط الجيولوجية /
بيان المسئوليه,etc مراد ابراهيم يوسف
700 1# - المدخل الاضافى - اسم شخصى
الإسم الشخصى محمد يوسف حسن
300 ## - الوصف المادى
التعداد 84 ص
490 ## - بيان السلسلة
عنوان السلسلة
650 04 - المدخل الاضافى بالموضوع-مصطلح موضوعى
مصطلح موضوعي الخرائط الطبوغرافية
650 04 - المدخل الاضافى بالموضوع-مصطلح موضوعى
مصطلح موضوعي الرسم البيانى
650 04 - المدخل الاضافى بالموضوع-مصطلح موضوعى
مصطلح موضوعي الجيولوجيا - خرائط
942 ## - عناصر المدخل الإضافي( كوها)
مصدر التصنيف او مخطط الترفيف Dewey Decimal Classification
Koha [default] item type كتاب
Holdings
حالة التراجع حالة الفقد حالة تلف ليس للاعارة المكان المؤقت الموقع الحالى تاريخ الاكتساب اجمالي اﻻعارات رقم الطلب الباركود تاريخ اخر مشاهدة تاريخ تفعيل السعر نوع وعاء كوها
        مكتبة القاهرة الكبرى مكتبة القاهرة الكبرى 03/26/2014   550\م خ 92177 03/26/2014 03/26/2014 كتاب
        مكتبة القاهرة الكبرى مكتبة القاهرة الكبرى 03/26/2014   550\م خ 92178 03/26/2014 03/26/2014 كتاب

Powered By

EGPV